|
|
|
|
| LEADER |
00000cam a22000007a 4500 |
| 001 |
17419 |
| 003 |
CZ-ZlUTB |
| 005 |
20190825233602.0 |
| 008 |
970212s1934 xr |||||r|||||||||||cze|d |
| 040 |
|
|
|a ZLD002
|b cze
|c ZLD002
|d ZLD002
|
| 072 |
|
7 |
|a 51
|x Matematika
|2 Konspekt
|9 13
|
| 080 |
|
|
|a 51+510
|2 v
|
| 100 |
1 |
|
|a Láska, Václav,
|d 1862-1943
|7 jk01071597
|4 aut
|
| 245 |
1 |
0 |
|a Teorie a prakse numerického počítání
|
| 260 |
|
|
|a Praha :
|b Jednota českých matematiků a fyziků,
|c 1934
|
| 300 |
|
|
|a 495 s.
|
| 650 |
0 |
4 |
|a numerický
|
| 650 |
0 |
7 |
|a počítání
|7 ph124522
|2 czenas
|
| 700 |
1 |
|
|a Hruška, Václav,
|d 1888-1954
|7 jk01043056
|4 aut
|
| 910 |
|
|
|a ZLD002
|
| 952 |
|
|
|0 0
|1 0
|4 0
|6 519LÁSKAV
|7 0
|8 BOOK
|9 30134
|a UTBZL
|b UTBZL
|c 030
|d 2006-07-29
|i 47740
|l 0
|o 519/LÁSKA,V.
|p 420010017688
|r 2019-08-25 00:00:00
|w 2019-08-25
|x 20100831
|y 05
|
| 992 |
|
|
|a BK
|b SK
|
| 999 |
|
|
|c 17419
|d 17419
|